Cooperación monetaria internacional (Registro nro. 5461)
[ vista simple ]
| 000 -LEADER | |
|---|---|
| fixed length control field | 01422 a2200193 4500 |
| 001 - CONTROL NUMBER | |
| control field | 54292 |
| 005 - DATE AND TIME OF LATEST TRANSACTION | |
| control field | 20260407155814.0 |
| 008 - FIXED-LENGTH DATA ELEMENTS--GENERAL INFORMATION | |
| fixed length control field | 260407a1969 arg spa d |
| 003 - CONTROL NUMBER IDENTIFIER | |
| control field | AR-UNSa-BCEJYS |
| 040 ## - CATALOGING SOURCE | |
| Original cataloging agency | AR-UNSa-BCEJYS |
| Language of cataloging | spa |
| Transcribing agency | AR-UNSa-BCEJYS |
| 080 ## - UNIVERSAL DECIMAL CLASSIFICATION NUMBER | |
| Universal Decimal Classification number | 336.744 |
| Common auxiliary subdivision | Moneda universal, mundial. Moneda internacional. Convenciones monetarias internacionales. Países con la misma moneda (Economía Monetaria Internacional) |
| 100 1# - MAIN ENTRY--PERSONAL NAME | |
| Personal name | Tew, Brian |
| 245 10 - TITLE STATEMENT | |
| Title | Cooperación monetaria internacional |
| 264 #1 - PRODUCTION, PUBLICATION, DISTRIBUTION, MANUFACTURE, AND COPYRIGHT NOTICE | |
| Place of production, publication, distribution, manufacture | Barcelona : |
| Name of producer, publisher, distributor, manufacturer | Labor |
| Date of production, publication, distribution, manufacture, or copyright notice | 1969 |
| 300 ## - PHYSICAL DESCRIPTION | |
| Extent | 231 p. |
| Dimensions | 20 cm. |
| 505 ## - FORMATTED CONTENTS NOTE | |
| Formatted contents note | Primera parte / Principios fundamentales - 1. Los pagos internacionales - 2. Los tipos de cambio - 3. La liquidez internacional - 4. Desequilibrios internacionales - 5. La transmisión internacional de las depresiones - Segunda parte / Los mecanismos de cooperación monetaria internacional - 6. El fondo monetario Internacional (1) - 7. El fondo monetario Internacional (2) - 8. La cooperación monetaria europea - 9. La unión europea de pagos y el acuerdo monetario europeo - 10. La libra esterlina - 11. La patología del control de cambios - Tercera parte / El curso de los acontencimientos desde la guerra - 12. 1945-1949 - 13. Las devaluaciones de 1949 - 14. Hacia el equilibrio - 15. La vuelta a la convertibilidad - 16. La liquidez en rojo - 17. La liquidez en negro |
| 590 ## - LOCAL NOTE (RLIN) | |
| Local note | niveau_biblio:m niveau_hierar:0 |
| 942 ## - ADDED ENTRY ELEMENTS (KOHA) | |
| Koha item type | |
| Withdrawn status | Lost status | Damaged status | Not for loan | Home library | Current library | Shelving location | Date acquired | Total checkouts | Full call number | Barcode | Date last seen | Price effective from | Koha item type |
|---|---|---|---|---|---|---|---|---|---|---|---|---|---|
| Biblioteca Prof. Eusebio Cleto del Rey | Biblioteca Prof. Eusebio Cleto del Rey | 07/04/2026 | 336.744 T354 | L23558 | 07/04/2026 | 07/04/2026 | Libro |